A to Z in 15 seconds - Statistics

General Stats
  • This quiz has been taken 71 times
  • The average score is 23 of 26
Answer Stats
Hint Answer % Correct
A A
100%
B B
100%
C C
97%
D D
95%
E E
95%
F F
95%
G G
95%
H H
95%
I I
95%
J J
95%
K K
95%
L L
95%
M M
92%
N N
92%
O O
92%
P P
92%
Q Q
89%
R R
86%
S S
84%
T T
84%
U U
81%
V V
81%
W W
81%
X X
81%
Y Y
81%
Z Z
81%
No matching quizzes found
Score Distribution
Percent of People with Each Score
Percentile by Number Answered
Your Score History
You have not taken this quiz